000 006070000a22001810004500
003 MACL
005 20160413163526.0
008 160413b xxu||||| |||| 00| 0 eng d
040 _aMACL
_cMACL
041 _aHindi
082 _a610
100 _aभास्‍कर प्रसाद त्रिवेदी
_952312
245 _aवैदिक ओषधियॉ एवं वर्तमान आयुर्विज्ञान
260 _bराका प्रकाशन
_c2007
_aइलाहाबाद
350 _a200
650 _aMedical Sci.
_933115
942 _cHIN
_k610/DIW
_2ddc
999 _c41923
_d41923